El mito del dorado: su génesis y proceso

Збережено в:
Бібліографічні деталі
Автор: Ramos Pérez, Demetrio (autor)
Формат: Книга
Мова:Іспанська
Опубліковано: Caracas Fuentes para la Historia Colonial de Venezuela 1973
Серія:Biblioteca de la Academia Nacional de la Historia, 116
Предмети:
Теги: Додати тег
Немає тегів, Будьте першим, хто поставить тег для цього запису!

MARC

LEADER 00000nam a2200000 a 4500
001 UCR0568
003 CL-VaPUC
008 971205e19730000VE |||||||||||||||||spa|d
082 0 4 |a 987.03  |b RAM  |2 21 
100 |a Ramos Pérez, Demetrio  |e autor  |9 447719 
245 1 3 |a El mito del dorado: su génesis y proceso 
300 |a 718 p 
942 |c BK 
945 |d 19971205 00:00:00  |a cmena 
260 |a Caracas  |b Fuentes para la Historia Colonial de Venezuela  |c 1973 
650 0 |a Historia venezolana  |9 393448 
650 0 |a Minería  |9 326008 
650 0 |a Investigación histórica  |9 344844 
650 0 |a Mitología   |9 255719 
650 7 |a LEYENDAS  |2 CL-VaPUC  |9 265258 
650 0 |a Epoca colonial   |9 352022 
583 |a last modification  |c 19971205 00:00:00  |k Rodrigo Vera 
490 0 |a Biblioteca de la Academia Nacional de la Historia, 116 
999 |c 264068  |d 264066 
952 |0 0  |1 0  |4 0  |6 987_030000000000000_RAM_1973  |7 0  |8 DER_HDC  |9 293668  |a BIBDER  |b BIBDER  |d 2019-11-19  |i 1908871  |o 987.03 RAM 1973  |p 1908871  |r 2023-01-25  |w 2019-11-19  |x Ubicación 4to Piso  |y BK  |z Estos recursos deben solicitarse con anticipación  |k DER